Shape circularity assisted tomography reconstruction

Elmentve itt :
Bibliográfiai részletek
Szerzők: Lukity Tibor
Balázs Péter Attila
Dokumentumtípus: Cikk
Megjelent: 2020
Sorozat:PHYSICA SCRIPTA 95 No. 10
Tárgyszavak:
doi:10.1088/1402-4896/abb633

mtmt:31725717
Online Access:http://publicatio.bibl.u-szeged.hu/36418
LEADER 00744nab a2200217 i 4500
001 publ36418
005 20250407104755.0
008 250407s2020 hu o 000 eng d
022 |a 0031-8949 
024 7 |a 10.1088/1402-4896/abb633  |2 doi 
024 7 |a 31725717  |2 mtmt 
040 |a SZTE Publicatio Repozitórium  |b hun 
041 |a eng 
100 1 |a Lukity Tibor 
245 1 0 |a Shape circularity assisted tomography reconstruction  |h [elektronikus dokumentum] /  |c  Lukity Tibor 
260 |c 2020 
300 |a 13 
490 0 |a PHYSICA SCRIPTA  |v 95 No. 10 
650 4 |a Számítás- és információtudomány 
700 0 1 |a Balázs Péter Attila  |e aut 
856 4 0 |u http://publicatio.bibl.u-szeged.hu/36418/1/Lukic_2020_Phys._Scr._95_105211.pdf  |z Dokumentum-elérés